| 000 | 00999nam a2200253Ia 4500 | ||
|---|---|---|---|
| 003 | IN-BaIIA | ||
| 008 | 211028s9999 xx 000 0 eng d | ||
| 020 | _a0-7354-0336-8 | ||
| 040 | _cIIA Library | ||
| 080 |
_a52(082.1) _bGRA |
||
| 111 |
_aX special Courses at the National Observatory _cBrazil _d2005 Sept. 26 -30 _930623 |
||
| 245 | 0 |
_aGraduate school in astronomy _bX special courses at the National Observatory held in Rio de Janeiro, Brazil, 26 - 30 September 2005 _cedited by Simone Daflon…[et al.] |
|
| 260 |
_aMelville _bAmerican Institute of Physics _c2006 |
||
| 300 | _axix, 169p. | ||
| 490 | _aAIP conference proceedings; v. 843 | ||
| 650 |
_aAstronomy - congress _930624 |
||
| 650 | _aCosmology | ||
| 650 |
_aPlanetary systems _9965 |
||
| 700 |
_aAlcaniz, Jailson, ed. _930625 |
||
| 700 |
_ade la Reza, Ramiro, ed. _930626 |
||
| 700 |
_aTelles, Eduardo, ed. _930627 |
||
| 710 |
_aAmerican Institute of Physics _92416 |
||
| 942 | _cBK | ||
| 999 |
_c16506 _d16506 |
||